Ψυχο-λογικά κείμενα, 1989-1991
Αποθηκεύτηκε σε:
| Κύριος συγγραφέας: | |
|---|---|
| Μορφή: | Βιβλίο |
| Γλώσσα: | Greek |
| Δημοσίευση: |
Αθήνα :
Εκδόσεις Παπαζήση,
[μεταξύ 1991 και 2000]
|
| Θέματα: | |
| Ετικέτες: |
Προσθήκη ετικέτας
Δεν υπάρχουν, Καταχωρήστε ετικέτα πρώτοι!
|
MARC
| LEADER | 00000cam a2200000 a 4500 | ||
|---|---|---|---|
| 001 | 1/124285 | ||
| 008 | 220201q19912000gr | ||| |||| ||gre|| | ||
| 020 | |a 9600209219 | ||
| 040 | |a GR-MyUa |b gre |c GR-MyUa |e AACR2 | ||
| 041 | 0 | |a gre | |
| 082 | 7 | |a 302 |2 (23) | |
| 100 | 1 | |a Τσαλίκογλου, Φωτεινή. | |
| 245 | 1 | 0 | |a Ψυχο-λογικά κείμενα, 1989-1991 / |c Φωτεινή Τσαλίκογλου. |
| 260 | |a Αθήνα : |b Εκδόσεις Παπαζήση, |c [μεταξύ 1991 και 2000] | ||
| 300 | |a 190 σ. : |b εικ. ; |c 20 εκ. | ||
| 500 | |a Τα κείμενα δημοσιεύτηκαν στην εφημερίδα "Τα Νέα" από το 1988 έως το 1991. | ||
| 650 | 0 | |a Social psychology | |
| 650 | 0 | |a Social problems. | |
| 852 | |a INST |b SYROS |e 20220201 |h 302 ΤΣΑ |p 005500015093 |q 005500015093 |t BK |y 0 | ||
| 970 | |a Κοντού |b Παρασκευή |z 01/02/2022 | ||